| 000 | 01673nam a2200229Ia 4500 | ||
|---|---|---|---|
| 003 | OSt | ||
| 005 | 20250127093658.0 | ||
| 008 | 210210b2000 xxu||||| |||| 00| 0 eng d | ||
| 040 | _cAL | ||
| 041 | _aKannada | ||
| 082 | _a158.1K YANV | ||
| 100 |
_aYANDAMURI VIRENDRANATH. _d ಯಂಡಮೂರಿ ವೀರೇಂದ್ರನಾಥ್ _9195521 |
||
| 245 |
_aVijayada sangati. _bವಿಜಯದ ಸಂಗಾತಿ |
||
| 260 |
_aVijayavada _bNavasahiti Book House _c2000 |
||
| 300 | _a378 | ||
| 520 | _aದಾಂಪತ್ಯದಲ್ಲಿ ವಿರಸ ಮೂಡುವುದು ಸಹಜವಾದರೂ ಅದು ಹೆಚ್ಚು ಹೊತ್ತು ಇದ್ದಷ್ಟು ಬಿರುಕು ಹೆಚ್ಚಾಗುತ್ತಲೇ ಇರುತ್ತದೆ. ಹಾಗಾಗಿ ಗಂಡ ಹೆಂಡತಿಯರ ಮಧ್ಯೆ ಹೇಗೆ ಅನ್ಯೋನ್ಯತೆ ಸಾಧಿಸಬೇಕು? ಭಿನ್ನಾಭಿಪ್ರಾಯಗಳಿಲ್ಲದೇ ಸಂಸಾರವನ್ನು ಸರಿದೂಗಿಸಿಕೊಂಡು ಹೋಗುವುದು-ಪ್ರೀತಿಯನ್ನು ಸಂಪಾದಿಸುವ ಹಲವು ಮಾರ್ಗಗಳನ್ನು ಲೇಖಕ ಯಂಡಮೂರಿ ವೀರೇಂದ್ರನಾಥರು ಇಲ್ಲಿ ಚರ್ಚಿಸಿದ್ದಾರೆ. ಅಷ್ಟೇ ಸಮರ್ಥವಾಗಿ ಕನ್ನಡಕ್ಕೆ ಅನುವಾದಿಸಿದ್ದಾರೆ ರಾಜಾ ಚೆಂಡೂರ್. | ||
| 650 |
_aJivanadalli yashassu _9195522 |
||
| 690 |
_aApplied Psychology _9195523 |
||
| 700 |
_a Raja Chenduru _dರಾಜಾ ಚೆಂಡೂರ್. _9195528 |
||
| 906 | _aSG03452 | ||
| 942 |
_2ddc _cBK |
||
| 999 |
_c114257 _d114257 |
||